Disney - trouve le film Disney à partir de son château - Statistiques

Statistiques générales
  • Ce quiz a été pris 152 fois
  • Le résultat moyen est 7 sur 11
Statistiques - réponses
Par images Réponse % Correct
Aladdin
100%
Mulan
98%
La reine des neiges
76%
La petite sirène
71%
Raiponce
66%
La belle et la bête
65%
Rebelle
61%
Cendrillon
57%
La belle au bois dormant
55%
La princesse et la grenouille
45%
Blanche-neige
37%
Aucun quiz correspondant
Distribution des résultats
% des personnes avec chaque résultat
Percentile par nombre de réponses
Votre historique - résultats
Vous n’avez pas pris ce quiz